Music Quiz

Random Music or Song Quiz

Taylor Swift Songs by Lyric Quiz Stats

 Plays Quiz Updated Sep 21, 2013

     
Support Sporcle.
Go Orange.
Score 0/20 Timer 08:00
6 Plays Today
Lyric Song % Correct
...my daddy said stay away from JulietLove Story
90.1%
...you say you're fine I know you better than that, hey whatcha doing with a girl like thatYou Belong With Me
85%
...we're happy, free, confused, and lonely at the same time22
84.6%
...hoping one of those senior boys would wink at you and sayFifteen
83.6%
...and when I got home, before I said amen, asking God if he could play it againOur Song
82.6%
...losing him was blue like I'd never knownRed
78.8%
...you made a rebel of a careless man's careful daughterMine
74.8%
...I'm not a princess, this ain't a fairy taleWhite Horse
72.2%
...I guess you didn't care and I guess I liked that, and when I fell hard, you took a step backI Knew You Were Trouble
71.8%
...with some indie record that's much cooler than mineWe Are Never Ever Getting Back Together
67.3%
Lyric Song % Correct
...it turns out freedom ain't nothing but missing youBack to December
64.4%
...all those other girls, well they're beautiful, but would they write a song for you?Hey Stephen
56.7%
...run your hands through your hair, absent mindedly makin' me want youFearless
56.2%
...you set up a paint set in the kitchen and you're talking to meThe Best Day
46.6%
...these walls that they put up to hold us back fell downChange
41.5%
...I can't even see anyone when he's with meTeardrops On My Guitar
39.1%
...and I'm back for the first time since then, I'm standing on your streetTim McGraw
36.6%
...Friday night beneath the stars, in the field behind your yardI'm Only Me When I'm With You
34.3%
...could have loved you all my life if you hadn't left me waiting in the coldYou're Not Sorry
33.8%
...I don't think that passenger seat, has ever looked this good to meI'd Lie
28.9%

From the Vault

Badly Drawn Video Game Characters

by NarwhalNukeYT

Gaming 3m
Note: It was not the game designers who put together these drawings.
Remove Ads.
Support Sporcle.
Get the best of Sporcle when you Go Orange. This ad-free experience offers more features, more stats, and more fun while also helping to support Sporcle. Thank you for becoming a member.

Show Comments

Extras

Top Quizzes Today


Score Distribution

Your Account Isn't Verified!

In order to create a playlist on Sporcle, you need to verify the email address you used during registration. Go to your Sporcle Settings to finish the process.

Report this User

Report this user for behavior that violates our Community Guidelines.

Details: